| 000 | 00800nam a2200217 a 4500 | ||
|---|---|---|---|
| 005 | 20140414132123.0 | ||
| 008 | 130215s19uu xx 00 eng d | ||
| 020 | _a9780316156004 | ||
| 050 |
_aFIC _bCo874h 2005 |
||
| 100 | _aCowell, Criselda | ||
| 245 | _aHow to speak dragonese (book 3)/. | ||
| 260 |
_aNew York : _bLittle Brown and Company, _c2005. |
||
| 300 | _a223p. | ||
| 440 | _aHow to train your dragon. | ||
| 520 | _aRecounts the further escapades of Hiccup Horrendous Haddock the Third as he continues his Viking training during which he escapes from a boatload of Roman soldiers and searches for his kidnapped dragon. | ||
| 650 |
_aVikings- _xjuvenile fiction. |
||
| 650 |
_aDragons- _xfiction. |
||
| 650 |
_aVikings- _xfiction. |
||
| 650 | _aHumorous stories. | ||
| 999 |
_c115116 _d115116 |
||